Web Data Management and Electronic Commerce. / Bhavani Thuraisingham. (Registro nro. 14873)
[ vista simple ]
| 000 -LÍDER | |
|---|---|
| fixed length control field | 00547nam a2200157 4500 |
| 008 - ELEMENTOS DE LONGITUD FIJA -- INFORMACIÓN GENERAL | |
| fixed length control field | 0 2000 0a 000 0USA |
| 020 ## - NÚMERO INTERNACIONAL NORMALIZADO PARA LIBROS | |
| ISBN | 0-8493-2204-9 |
| 050 ## - SIGNATURA TOPOGRAFICA DE LA BIBLIOTECA DEL CONGRESO (LC) | |
| Número de Clasificación | QA76.9W43 T49 2000 |
| 082 ## - NUMERO DE CLASIFICACION DECIMAL DEWEY | |
| Número de Clasificación | 005.758 T536w |
| 100 ## - ASIENTO PRINCIPAL--NOMBRE PERSONAL | |
| Nombre personal | Thuraisingham Bhavani. |
| 245 ## - TÍTULO | |
| Título | Web Data Management and Electronic Commerce. / Bhavani Thuraisingham. |
| 260 ## - PUBLICACIÓN, DISTRIBUCIÓN, ETC. (PIE DE IMPRENTA) | |
| Lugar de publicación, distribución, etc. | USA : CRC Press LLC. |
| 300 ## - DESCRIPCIÓN FÍSICA | |
| Extensión | 390 p. il. / 24 cm. |
| 500 ## - NOTA GENERAL | |
| Nota general | Incluye, índice |
| 650 ## - ASIENTO SECUNDARIO DE MATERIA - TERMINO TEMÁTICO | |
| Término temático o nombre geográfico como elemento de entrada | 1.- BASE DE DATOS EN WEB. 2.- ADMINISTRACIÒN DE BASE DE DATOS . 3.- COMERCIO ELECTRONICO. |
| No. biblioteca | No. biblioteca | Número de clasificación | Código de barras/Número de adquisición | Número de copia | Tipo de material |
|---|---|---|---|---|---|
| LUIS G. INCLAN | LUIS G. INCLAN | 005.758 T536w | 39870 | 1 | Libros |
| LUIS G. INCLAN | LUIS G. INCLAN | 005.758 T536w | 39871 | 2 | Libros |
